You can have God's help with daily problems. (Record no. 13017)

000 -LEADER
fixed length control field 00735nam a2200217 a 4500
001 - CONTROL NUMBER
control field :::00010835$&:&@@
003 - CONTROL NUMBER IDENTIFIER
control field OkBaRHE
005 - DATE AND TIME OF LATEST TRANSACTION
control field 20100401170337.0
008 - FIXED-LENGTH DATA ELEMENTS--GENERAL INFORMATION
fixed length control field s1980 j 000 0 eng u
040 ## - CATALOGING SOURCE
Transcribing agency
100 1# - MAIN ENTRY--PERSONAL NAME
Personal name Peale, Norman Vincent, 1898-
245 10 - TITLE STATEMENT
Title You can have God's help with daily problems.
250 ## - EDITION STATEMENT
Edition statement Special FCL ed.
260 ## - PUBLICATION, DISTRIBUTION, ETC. (IMPRINT)
Place of publication, distribution, etc Pawling, NY., :
Name of publisher, distributor, etc Foundation for Christian Living
Date of publication, distribution, etc 1980
300 ## - PHYSICAL DESCRIPTION
Extent vi, 201 p. ;
Dimensions 20 cm.
650 ## - SUBJECT ADDED ENTRY--TOPICAL TERM
Topical term or geographic name as entry element Christian Life
General subdivision Reformed Authors
650 ## - SUBJECT ADDED ENTRY--TOPICAL TERM
Topical term or geographic name as entry element Peace of Mind
General subdivision Religious Aspects
-- Christianity
650 ## - SUBJECT ADDED ENTRY--TOPICAL TERM
Topical term or geographic name as entry element Success
942 ## - ADDED ENTRY ELEMENTS (KOHA)
Source of classification or shelving scheme
Koha item type Books
Copies
Barcode Copy number Koha item type Date acquired Lost status Price effective from Full call number Shelving location Damaged status Not for loan Date last seen Permanent Location Source of classification or shelving scheme Withdrawn status
108351Books2010-04-14 2010-04-14BV 4501.2 .P3634 1980General Stacks  2010-04-14RHEMA Bible Training College